01505nam a2200385 a 4500008004100000020000800041041000800049092002000057100004000077245005800117250002100175260005200196300001100248500011100259653002800370653006700398653003900465653004000504653007100544653001700615653005900632653001300691653002800704653001300732653001300745653003000758653007300788653003300861653002500894653001700919653005900936942001200995999001301007952009901020110901s1969 mx # f |||| 001 0 spa d aS/N aspa c616.08l15sDEL1 aDe la Fuente Muñiz, Ramón91354 aPsicología médica /cRamón de la Fuente Muñiz a1a ed. 8a reimp. aMéxico:bFondo de Cultura Económica;c1969. a444 p. aDe la Fuente Muñiz, R. (1969). Psicología médica. (1a ed.). México : Fondo de Cultura Económica. aPsicología y medicina aEvolución histórica de los conceptos medico-psicológicos aUnidad bio-psico-social del hombre aNaturaleza de los procesos mentales aBase neural de los procesos mentales: las emociones, la conciencia aPersonalidad aTemperamento, los motivos de la conducta y el caracter aAngustia aInfancia y adolescencia aNeurosis aPsicosis aPsicopatología infantil aMedicina psicosomática. Postulados básico sy corrientes actuales aPadecimientos psicosomaticos aExamen psicológico aPsicoterapia aTerapéutica orgánica de los trastornos psíquicos 2ddccBK c910d910 00102ddc4070aBFMbBFMd2011-09-01l0o618.08 15 DELp815r2014-11-06tej.1w2011-09-01yBK